000 00537nam a22001937a 4500
003 CEME
005 20210628204157.0
008 210105b xxu||||| |||| 00| 0 eng d
020 _a9788131709283
040 _cceme
082 _a808.066 GER
100 _aGerson, Sharon.J, Gerson, Steven.M
_969129
245 _aTechnical writing, processes and product
250 _a5TH
260 _aINDIA
_bPEARSON EDUCATION ASIA
_c2012
300 _aXIV, 680P
650 _aTECHNICAL WRITING-PROCESSES AND PRODUCT.
_969130
942 _cBK
_2ddc
999 _c576528
_d576528